Quizzes
Events
Quiz Creation
Community
Videos
Private Events
Remove Ads
Sign In
Join for FREE
Feedback
Dark Mode
Quiz Categories
Sports
Geography
Music
Movies
Television
Just For Fun
Miscellaneous
History
Literature
Language
Science
Gaming
Entertainment
Religion
Holiday
For Kids
Quiz Lab
Recent
Popular Today
Quiz Kudos Today
Editor Picks
Curator Picks
Quizzes by...
Day
Popularity
Type
Ratings
Length
Year
Community
Subscriptions
Recent Discussions
Orange Saloon
Badges
Playlists
Quests
Create
Leaderboards
Showdown
Live 5
Trivia Bingo
Activity
Puzzle Library
Sporcle Events
Private Events
Virtual Trivia
Globe League
Become a Host
Pub Owners
SporcleCon
Opinionation
Our Games
Videos
Blog
Mobile Apps
Partnerships
Remove Ads and Go Orange
Feedback
Movies
Disney
Marvel Cinematic Universe
Movie Resume
Movie Titles
Oscar
Actor
Actress
Director
Pixar
Role
Movie Quotes
Movie Characters
Box Office
Nominee
Best Picture
Star Wars
James Bond
Horror Movies
Movies
Disney
Marvel Cinematic Universe
Movie Resume
Movie Titles
Oscar
Actor
Actress
Director
Pixar
Role
Movie Quotes
Movie Characters
Box Office
Nominee
Best Picture
Star Wars
James Bond
Horror Movies
Random Quiz
Search Sporcle
×
Quiz Lab
Quiz Lab
Movies
Actor
Type in answers that appear in a list
Type in answers that appear in a list
Classic
Best Score? Go Orange.
Movie Common Bonds Stats
Can you name the common actors/films?
By
Hansi
12m
52 Questions
1,431 Plays
1,431 Plays
1,431 Plays
Comments
Comments
Give Quiz Kudos
Give Quiz Kudos
-
- Ratings
hide this ad
Replay
Link that replays current quiz
Next Quiz
Link to next quiz in quiz playlist
You Got
0%
They Got
Avg Score
54%
Avg Friend Score
Upgrade to see
Score Distribution
Jump to the score distribution portion of the page
Score
0/52
Timer
12:00
0
Plays Today
% Correct
Brad Pitt
95.1%
Jack Black
92.7%
George Clooney
91.8%
Robert de Niro
91.2%
Edward Norton
90.8%
Anthony Hopkins
89.4%
Sandra Bullock
88.8%
Kevin Spacey
85.3%
Richard Gere
84.4%
Michael Keaton
82.5%
Ben Affleck
82.5%
Philip Seymour Hoffman
79.7%
Mickey Rourke
74.1%
Elijah Wood
70.6%
Salma Hayek
66.8%
Susan Sarandon
64.5%
Steve Buscemi
64%
Billy Bob Thornton
62.8%
Geena Davis
58.8%
Thelma and Louise
57.2%
Thelma and Louise
57.2%
Matthew McConaughey
55.9%
Bruce Willis
55.7%
Bruce Willis
55.7%
Juliette Lewis
50.4%
Samuel L. Jackson
49.6%
% Correct
Samuel L. Jackson
49.6%
Benicio del Toro
48.7%
Sidney Poitier
48.6%
Sin City
47.1%
Sin City
47.1%
Pulp Fiction
42.2%
Armageddon
41.4%
Armageddon
41.4%
John Turturro
41.1%
Red Dragon
38.2%
Red Dragon
38.2%
Harvey Keitel
38.2%
Harvey Keitel
38.2%
From Dusk Till Dawn
37.4%
From Dusk TIll Dawn
37.4%
Pam Grier
35.4%
Jackie Brown
34.7%
Jackie Brown
34.7%
Spike Lee
33.2%
A Time to Kill
32.1%
A Time to Kill
32.1%
Do the Right Thing
23.5%
Do the Right Thing
23.5%
The Jackal
22.9%
The Jackal
22.9%
Danny Aiello
16.6%
Quiz Playlist
Details
Report
Send in Message
Add To Playlist
Classic:
Type in answers that appear in a list
Quiz Source
Last Updated: Feb 16, 2017
Quiz Scoreboard
CHALLENGE
Sign Up to Join the Scoreboard
Show All
Scores
Hide
Comments
May contain spoilers
Recently Published
College Basketball Coaching Resumes
by pancakes188
Sports
9m
Billboard Blitz: Fleetwood Mac
by CooCooCachoo
Music
15s
Presidents Visiting Landmarks
by Hejman
History
7m
More to Explore
Quiz From the Vault
Featured Blog Post
Where Did the Easter Bunny Come From?
hide this ad
You Might Also Like...
Tags
Actor Quiz
bond
common
Today's Top Quizzes in Movies
Browse Movies
hide this ad
Today's Top Quizzes in Actor
Browse Actor
Top Contributed Quizzes in Movies
1
Pick 5 Posters: Directed by Spielberg
2
7-to-1: Pixar Characters
3
Pick 5 Posters: Lowest-Rated Spielberg
4
Pick 5 Posters: Directed by Scorsese
5
Sorting Actors
6
Sorting Actresses
7
Pick 5 Posters: Star & Director
8
Pick 5 Posters: Women Directed 2020s
9
12 Movies about Fictional 1960s Events
10
Multi-Oscar Nominations, One Movie, One Winner
Explore More
Trending Topics
Harry Potter
Marvel
Crossword
NBA
Anime
Disney
Kpop
Puzzle
Song
NFL
WWE
Pokémon
Soccer
Country
The Office
hide this ad
More By:
Hansi
Quiz
Plays
Rating
Category
Featured
Created
Formula 1 2000-2009
12,114
4.11
Sports
Mar 14, 2010
Movie Common Bonds 2
2,215
4.00
Movies
Apr 14, 2010
Movie Common Bonds 3
1,896
4.10
Movies
Apr 15, 2010
Movie Common Bonds
1,431
4.20
Movies
Apr 14, 2010
World Export Stats
1,404
4.59
Geography
Mar 12, 2010
Go to Creator's Profile
Score Distribution
Quiz Creator Spotlight
Hansi
Follow
Send a Message
Quizzes Created
-
Created Quiz Play Count
-
More By This Creator
Popular Quizzes Today
1
Find the US States - No Outlines Minefield
2
Find the Countries of Europe - No Outlines Minefield
3
The Countries of the World
4
Find the US States
5
Risky Map Clicking: Biggest States A-Z
6
US States
7
Popular People in 1961
8
Movies - When Are They Set?
More Movies Quizzes
Best Movies of 1984
Quiz Lab
Trending Quizzes
Risky Map Clicking: Least Populous States A-Z
1-10 Letter G Words
1-10 Letter F Words
Risky Map Clicking: Next State Alphabetically
Click the Washington State Counties! (Map)
Recently Updated
Leaping Animals
pecheneg
Reality TV Shows (A-Z)
bhenderson79
Rickey Henderson's Hall of Fame Teammates
pecheneg
Champions League XIs: Arsenal
pecheneg
Quick Pick: Celebrities in WWE's Hall of Fame
aduchscher
A-Z Keypad Blitz II
pecheneg
Multiple Oscar Actors
pecheneg
Mystery Phrase Blitz: Oscar 'Best Actors'
pecheneg
F. Scott Fitzgerald Novels
LTH
Pick 3 Villains
ddd62291
Trending Topics
Kpop
Marvel
NBA
Disney
Harry Potter
Anime
Crossword
Song
NFL
WWE
Pokémon
Puzzle
Country
The Office
Soccer
Your Account Isn't Verified!
In order to create a playlist on Sporcle, you need to verify the email address you used during registration. Go to your
Sporcle Settings
to finish the process.
Report this User
Report this user for behavior that violates our
Community Guidelines
.
Details:
Send Report
Go to the Sporcle.com Mobile Site →
Comments